000 01357nam0a2200385 4500
001 RU\NLR\bibl\417144
005 20250622172610.0
010 _a5-89117-110-4
_9600
021 _aRU
_b2003-23666
_91104
035 _a(NLR Aleph) 000411132
090 _a635841
_c635841
100 _a20030627d2003 |||y0rusy50 ca
101 0 _arus
102 _aRU
105 _aa |||||||||
200 1 _aКипящий вакуум Вселенной, или Гипотеза о природе гравитации
_fС. И. Сухонос
205 _a2-е изд.
210 _aМ.
_cНовый центр
_d2003
215 _a152 с.
_cил.
_d21
320 _aБиблиогр.: с. 151-152
606 0 _aГравитация
_xФилософские вопросы
_92039268
_3RU\NLR\auth\661224109
606 0 _aТяготение
_xФилософские вопросы
_92186224
_3RU\NLR\auth\661314426
610 0 _aВсемирное тяготение
610 0 _aВселенная - Модели
675 _a524.88
_v3
_zrus
686 _a41.23
_2rugasnti
686 _a22.632
_2rubbk
686 _aВ313.3в
700 1 _aСухонос
_bС. И.
_gСергей Иванович
_4070
801 0 _aRU
_bRKP
_c20030627
_gPSBO
801 1 _aRU
_bRKP
_c20030627
801 2 _aRU
_bNLR
_c20030808
_grcr
942 _cBOOK
980 _aNB